000 00678nam a2200217Ia 4500
003 GCL
008 140319s9999 xx 000 0 ara d
040 _aGCL /
_cGCL
082 0 4 _a575.0162
_bد ج
100 1 _aدوكنز، ريتشارد
245 1 0 _aالجديد فى الانتخاب الطبيعى (بيولوجيا) /
_cدوكنز، ريتشارد
700 1 _aمصطفى ابراهيم فهمى
260 _a[S.N] :
_bالمكتبة الاكاديمية ،
_c1995
300 _a426 ص
490 _a
650 0 4 _aالوراثة
650 0 4 _aعلم الاحياء
650 0 4 _aالتطور
650 0 4 _aالانتخاب الطبيعى
942 _2ddc
_cBK
999 _c37104
_d37104